000 00539nam a2200181Ia 4500
008 151202s9999||||xx |||||||||||||| ||und||
082 _bPNVM-1162
100 _aअत्रे प्र.के.
245 _aसंगीत घराबाहेर.
260 _b---
260 _c0
300 _a0
600 _aअत्रे प्र.के.
630 _aसंगीत घराबाहेर.
700 _aअत्रे प्र.के.
730 _aसंगीत घराबाहेर.
942 _cBOOK
999 _c1267160
_d1267157